000 00673nam a22002057a 4500
005 20251108172148.0
008 250721s1996 xx 000 0 ara d
082 1 4 _a923.2564/عبد
100 1 _aنجم، أحمد سعيد
245 1 0 _aعبد القادر الحسيني 1908 - 1948 /
250 _aط2
264 1 _aنابلس :
_bالدار الوطنية للترجمة و الطباعة و النشر و التوزيع،
_c1996.
300 _a29ص
490 0 _aالموسوعة التربوية الفلسطينية ؛ 28 ع 5
650 1 7 _aالتراجم
650 1 7 _aالسياسيون
650 1 7 _aفلسطين
942 _2ddc
_cBK
999 _c71984
_d71984